00828nam a2200193 a 450000100100000000500170001000800410002702000150006804000250008308200080010810000370011624501370015326001030029030000210039349000440041483000510045895201080050999900170061700003986420201002033758.0130725s1988 sp 000 0 spa d a8400067681 aDO-SdBNPbspacBNPHU axxx1 aBarcala Muñoz, Andrés96606613aEl cristiano antiguo :bReplica de J. A. de Sanvenerio a Justino Febronio sobre las doctrinas del poder /cAndrés Barcala Muñoz. aMadrid :bConsejo Superior de Investigaciones Científicas,bCentro de Estuios Historicos,c1988. a310 p. ;c25 cm.1 aBibliotheca theologica hispanaaSerie 2 0aBibliotheca theologica hispanapSerie 2966067 001050718MOaGRbGRcCTd2013-07-25iLF1l0oxxx p39864-10r2020-06-25w2020-06-25y1ZNo se presta c39354d39354